| 000 | 00844nam a2200265 4500 | ||
|---|---|---|---|
| 001 | 122862 | ||
| 003 | ES-MaACL | ||
| 005 | 20230906192044.0 | ||
| 007 | t| | ||
| 008 | 070214s1965 mx r ||||0| spa d | ||
| 080 | _a330.34/35 | ||
| 245 | 0 | 0 |
_aProgramación del desarrollo económico / _cJean Bénard ... [et al.] ; [traducción de Roberto Reyes y Josep Soler Vidal]. |
| 250 | _a1ª ed. | ||
| 260 |
_aMéxico : _bFondo de Cultura Económica, _c1965. |
||
| 300 |
_a191 p ; _c21 cm. |
||
| 490 | 1 | _aSección de obras de economía | |
| 650 | 4 |
_aDesarrollo económico. _9153584 |
|
| 700 | 1 |
_aBénard, Jean. _927427 |
|
| 700 | 1 |
_aReyes, Roberto. _996573 |
|
| 700 | 1 |
_aSoler Vidal, Josep. _9107196 |
|
| 830 | 1 |
_aSección de obras de economía _9179924 |
|
| 852 | 4 |
_aES-MaACL _jE-7070 |
|
| 852 | 4 |
_aES-MaACL _jE-8353 |
|
| 999 |
_c122862 _d122862 |
||